Iberoamérica hoy : (Record no. 184015)
[ view plain ]
| 000 -LEADER | |
|---|---|
| campo de control de longitud fija | 01275nam a2200313 i 4500 |
| 001 - NÚMERO DE CONTROL | |
| campo de control | 184015 |
| 003 - IDENTIFICADOR DE NÚMERO DE CONTROL | |
| campo de control | ES-MaACL |
| 005 - FECHA Y HORA DE LA ÚLTIMA TRANSACCIÓN | |
| campo de control | 20240530152711.0 |
| 008 - DATOS DE LONGITUD FIJA--INFORMACIÓN GENERAL | |
| campo de control de longitud fija | 150223s2013 sp a | |||||||| | spa d |
| 020 ## - NÚMERO INTERNACIONAL ESTÁNDAR DEL LIBRO | |
| Número Internacional Estándar del Libro | 978-84-941290-0-1 |
| 080 ## - NÚMERO DE LA CLASIFICACIÓN DECIMAL UNIVERSAL | |
| Número de la Clasificación Decimal Universal | 327(460:8=134) |
| 080 ## - NÚMERO DE LA CLASIFICACIÓN DECIMAL UNIVERSAL | |
| Número de la Clasificación Decimal Universal | 327(8=134:460) |
| 080 ## - NÚMERO DE LA CLASIFICACIÓN DECIMAL UNIVERSAL | |
| Número de la Clasificación Decimal Universal | 327(469:8=134) |
| 080 ## - NÚMERO DE LA CLASIFICACIÓN DECIMAL UNIVERSAL | |
| Número de la Clasificación Decimal Universal | 327(8=134:469) |
| 245 00 - MENCIÓN DEL TÍTULO | |
| Título | Iberoamérica hoy : |
| Resto del título | perspectiva de las relaciones iberoamericanas / |
| Mención de responsabilidad, etc. | presentación de Enrique V. Iglesias ; María Salvadora Ortiz Ortiz, compiladora. |
| 260 ## - PUBLICACIÓN, DISTRIBUCIÓN, ETC. | |
| Lugar de publicación, distribución, etc. | [Mérida] : |
| Nombre del editor, distribuidor, etc. | CEXECI, |
| Fecha de publicación, distribución, etc. | 2013. |
| 300 ## - DESCRIPCIÓN FÍSICA | |
| Extensión | 515 p. : |
| Otras características físicas | gráf. ; |
| Dimensiones | 21 cm. |
| 490 1# - MENCIÓN DE SERIE | |
| Mención de serie | Pensamiento iberoamericano ; |
| Designación de volumen o secuencia | 6 |
| 594 ## - Nota al título y mención de responsabilidad | |
| Nota al título y mención de responsabilidad | Recoge las intervenciones del Seminario homónimo celebrado en la Casa de América, Madrid, entre el 10 y el 11 de octubre de 2012. |
| 651 #4 - PUNTO DE ACCESO ADICIONAL DE MATERIA--NOMBRE GEOGRÁFICO | |
| Nombre geográfico | España- |
| Subdivisión general | Relaciones- |
| Subdivisión geográfica | América Latina |
| 9 (RLIN) | 8454 |
| 651 #4 - PUNTO DE ACCESO ADICIONAL DE MATERIA--NOMBRE GEOGRÁFICO | |
| Nombre geográfico | América Latina- |
| Subdivisión general | Relaciones- |
| Subdivisión geográfica | España |
| 9 (RLIN) | 7760 |
| 651 #4 - PUNTO DE ACCESO ADICIONAL DE MATERIA--NOMBRE GEOGRÁFICO | |
| Nombre geográfico | Portugal- |
| Subdivisión general | Relaciones- |
| Subdivisión geográfica | América Latina. |
| 9 (RLIN) | 156399 |
| 651 #4 - PUNTO DE ACCESO ADICIONAL DE MATERIA--NOMBRE GEOGRÁFICO | |
| Nombre geográfico | América Latina- |
| Subdivisión general | Relaciones- |
| Subdivisión geográfica | Portugal. |
| 9 (RLIN) | 172989 |
| 700 1# - ENTRADA AGREGADA--NOMBRE PERSONAL | |
| Nombre de persona | Ortiz, María Salvadora. |
| 9 (RLIN) | 156398 |
| 700 1# - ENTRADA AGREGADA--NOMBRE PERSONAL | |
| Nombre de persona | Iglesias, Enrique V. |
| 9 (RLIN) | 156400 |
| 830 1# - PUNTO DE ACCESO ADICIONAL DE SERIE-TÍTULO UNIFORME | |
| Título uniforme | Pensamiento iberoamericano ; |
| Designación de volumen o secuencia | 6 |
| 9 (RLIN) | 225025 |
| 852 ## - LOCALIZACIÓN | |
| Ubicación | ES-MaACL |
| Número de control de estantería | N-6390 |
| Estatus retirado | Estado de pérdida | Fuente del sistema de clasificación o colocación | Estado de daño | No para préstamo | Biblioteca de origen | Biblioteca actual | Ubicación en estantería | Fecha de adquisición | Fuente de adquisición | Total de préstamos | Signatura topográfica completa | Código de barras | Visto por última vez | Precio de reemplazo | Tipo de ítem Koha |
|---|---|---|---|---|---|---|---|---|---|---|---|---|---|---|---|
| Clasificación decimal universal | Biblioteca del Ateneo de Madrid | Biblioteca del Ateneo de Madrid | Depósito 1 | 23/02/2015 | Donación | A-13390 | 1193502 | 23/02/2023 | 23/02/2023 | Libro impreso |
